Tehqeeq o Tadween: (Record no. 614174)
[ view plain ]
| 000 -LEADER | |
|---|---|
| fixed length control field | 00653nam a22001697a 4500 |
| 082 ## - DEWEY DECIMAL CLASSIFICATION NUMBER | |
| Classification number | 891.439072 |
| Author Mark | NAS |
| 100 ## - MAIN ENTRY--PERSONAL NAME | |
| Personal name | Naseem, Rizwana |
| 245 ## - TITLE STATEMENT | |
| Title | Tehqeeq o Tadween: |
| Remainder of title | Khasoosi hawala Dr.Jameel Jalbi/ |
| Statement of responsibility, etc. | Rizwana Naseem |
| 260 ## - PUBLICATION, DISTRIBUTION, ETC. | |
| Place of publication, distribution, etc. | Lahore: |
| Name of publisher, distributor, etc. | Fiction house, |
| Date of publication, distribution, etc. | 2019. |
| 300 ## - PHYSICAL DESCRIPTION | |
| Extent | 235p. : |
| Dimensions | 25cm. |
| 563 ## - BINDING INFORMATION | |
| Binding note | HB |
| 650 ## - SUBJECT ADDED ENTRY--TOPICAL TERM | |
| Topical term or geographic name entry element | Urdu literature – History and criticism |
| 880 ## - ALTERNATE GRAPHIC REPRESENTATION | |
| Linkage | 100-01\(3\r |
| Title | رضوانہ نسیم |
| 880 ## - ALTERNATE GRAPHIC REPRESENTATION | |
| Linkage | 245-02\(3\r |
| Title | تحقیق و تدوین: خصوصی حوالہ ڈاکٹر جمیل جالبی/ |
| b | رضوانہ نسیم |
| 880 ## - ALTERNATE GRAPHIC REPRESENTATION | |
| Linkage | 260-03\(3\r |
| Title | لاہور: |
| b | فکشن ہاؤس, |
| c | 2019. |
| 942 ## - ADDED ENTRY ELEMENTS (KOHA) | |
| Source of classification or shelving scheme | |
| Koha item type | Book |
| 650 ## - SUBJECT ADDED ENTRY--TOPICAL TERM | |
| -- | 129462 |
| Withdrawn status | Lost status | Source of classification or shelving scheme | Damaged status | Not for loan | Permanent Location | Current Location | Date acquired | Total Checkouts | Full call number | Barcode | Date last seen | Price effective from | Koha item type |
|---|---|---|---|---|---|---|---|---|---|---|---|---|---|
| Central Library (CL) | Central Library (CL) | 07/09/2025 | 891.439072 NAS | CL-D-2883 | 07/09/2025 | 07/09/2025 | Book |
